000 03462namaa22004331i 4500
003 EG-GICUC
005 20260423171532.0
008 260423s2025 ua a|||frm||| 000 0 eng d
040 _aEG-GICUC
_beng
_cEG-GICUC
_dEG-GICUC
_erda
041 0 _aeng
_beng
_bara
049 _aDeposit
082 0 4 _a629.103
092 _a629.103
_221
097 _aM.Sc
099 _aCai01.13.01.M.Sc.2025.Ma.D
100 0 _aMahmoud Mohamed Ali Bishr,
_epreparation.
245 1 0 _aDevelopment of a thermal control system for earth observation 6U cubesat /
_cby Mahmoud Mohamed Ali Bishr ; Supervisors Prof. Gamal M.El-Bayoumi, Prof. Osama S. Mohamady.
246 1 5 _aتطوير نظام التحكم الحراري لقمر صناعي مكعب بحجم ست وحدات لمراقبة الارض
264 0 _c2025.
300 _a118 pages :
_billustrations ;
_c30 cm. +
_eCD.
336 _atext
_2rda content
337 _aUnmediated
_2rdamedia
338 _avolume
_2rdacarrier
502 _aThesis (Ph.D)-Cairo University, 2025.
504 _aBibliography: pages 93-96.
520 3 _aThis thesis represents a design scheme for activities needed to successfully build and simulate a thermal control system for cube satellites. This project entails designing and tuning thermal controls for a satellite system that will execute an assumed mission of Earth observation. The satellite was configurated to be a 6U cube satellite. Miniaturizing satellites put constraints on subsystems designs and push for more effective passive design of satellites. Thermo-electric coolers were utilized to actively control component temperature. Numerical model was successfully validated.
520 3 _aتقدم هذه الرسالة خطة تصميم للأنشطة اللازمة لبناء ومحاكاة نظام التحكم الحراري لاقمار مكعبة الشكل بنجاح. يتضمن هذاالمشروع تصميم وضبط أنظمة التحكم الحراري لقمر صناعي و الذي سينفذ مهمة افتراضية لمراقبة الأرض. وقد تم تكوين القمر الصناعي ليكون قمرًا مكعبًا بحجم ست وحدات. إن تصغير حجم الأقمار الصناعية يفرض قيودًا على تصميم الأنظمة الثانوية، ويستدعي اعتماد تصاميم غير نشطة أكثر كفاءة. في حالة هذا البحث تم استخدام مبردات حرارية كهربائية للتحكم في درجات حرارة المكونات بشكل نشط. تم تنفيذ عملية تحقق من صحة النمذجة الحسابية لتأكيد دقة وقوة نموذج الحل الرقمي و التي اظهرت نتائج ايجابية.
530 _aIssues also as CD.
546 _aText in English and abstract in Arabic & English.
650 0 _aAerospace Engineering
650 0 _aطيران و فضاء
653 1 _aThermal control
_aCube satellites
_aPassive control
_aMonte Carlo
_aMIMO
_aالتحكم الحراري
_aالاقمار الصناعية المكعبة
700 0 _aGamal M.El-Bayoumi
_ethesis advisor.
700 0 _aOsama S. Mohamady
900 _b01-01-2025.
_cGamal M.El-Bayoumi
_cOsama S. Mohamady
_dAhmed Ali Abouelsoud
_UCairo University
_FFaculty of Engineering
_DDepartment of Aerospace Engineering
905 _aShimaa
942 _2ddc
_cTH
_e21
_n0
999 _c179707